Sketches of the natural history of Ceylon ; with narratives and anecdotes illustrative of the habits and instincts of the mammalia, birds, reptiles, fishes, insects, &c. including a monograph of the elephant ... /

Bibliographic Details
Main Author: Tennent, James Emerson, Sir, 1804-1869
Format: Book
Language:English
Published: London : Longman, Green, Longman, and Roberts, 1861.
Subjects:

MARC

Tag First Indicator Second Indicator Subfields
LEADER 00000cam a2200000 4500
001 in00000045583
005 20151007073146.0
008 760806s1861 enkaf 00110 engm
010 |a  06009240  
035 |a (OCoLC)02359649 
035 |9 AAE9235AM 
040 |a DLC  |c HDC  |d TXA  |d UtOrBLW 
049 |a TXAM  |c [131806] 
090 |a QL309  |b .T28 
092 |a 590  |b T297s 
100 1 |a Tennent, James Emerson,  |c Sir,  |d 1804-1869. 
245 1 0 |a Sketches of the natural history of Ceylon ;  |b with narratives and anecdotes illustrative of the habits and instincts of the mammalia, birds, reptiles, fishes, insects, &c. including a monograph of the elephant ... /  |c By Sir J. Emerson Tennent ... 
264 1 |a London :  |b Longman, Green, Longman, and Roberts,  |c 1861. 
300 |a xxiii, 1 unnumbered page, 500 pages :  |b frontispiece, illustrations, plates. 
336 |a text  |b txt  |2 rdacontent 
337 |a unmediated  |b n  |2 rdamedia 
338 |a volume  |b nc  |2 rdacarrier 
650 0 |a Zoology  |z Sri Lanka. 
650 0 |a Elephants. 
999 |a MARS 
999 f f |s 03eaf83e-f0f6-30d8-a712-270c4e70d7b9  |i 106e69cf-a676-3091-bd61-a7664a5c06ae  |t 0 
952 f f |p normal  |a Texas A&M University  |b College Station  |c Sterling C. Evans Library  |d Evans: Library Stacks  |t 0  |e QL309 .T28  |h Library of Congress classification  |i unmediated -- volume  |m A14801004444 
998 f f |a QL309 .T28  |t 0  |l Evans: Library Stacks